101 Countries - Famous sites - Statistics

General Stats
  • This quiz has been taken 65 times
  • The average score is 51 of 101
Answer Stats
Hint Answer % Correct
Acropolis Greece
98%
Anne Frank House Netherlands
92%
Eiffel Tower France
90%
Macchu Pichu Peru
90%
Statue of Liberty United States
90%
Angkor Wat Cambodia
88%
Great Wall China
88%
Sphinx Egypt
88%
Taj Mahal India
88%
Colosseum Italy
88%
Chernobyl Ukraine
88%
Genghis Khan Statue Complex Mongolia
86%
Stonehenge United Kingdom
86%
Christ the Redeemer Brazil
85%
Monte Carlo Casino Monaco
85%
Taipei 101 Taiwan
85%
Burj Khalifa United Arab Emirates
85%
Galápagos Islands Ecuador
83%
Mount Cameroon Cameroon
81%
CN Tower Canada
80%
Little Mermaid Denmark
80%
Babylon Iraq
80%
Chichén Itzá Mexico
80%
Saint Basil's Cathedral Russia
80%
Matterhorn Switzerland
80%
Dubrovnik Croatia
78%
Saint Peter's Basilica Vatican City
78%
Petra Jordan
76%
Sagrada Familia Spain
76%
Island Shrine of Itsukushima Japan
75%
Hohenliechtenstein Liechtenstein
73%
Neuschwanstein Germany
71%
Wailing Wall Israel
71%
Petronas Tower Malaysia
71%
Wieliczka Salt Mine Poland
71%
Serengeti Tanzania
69%
Skansen Djurgården Sweden
68%
Uluru Australia
66%
Hallgrimskirkja Iceland
64%
Mayan Ruins of Tikal Guatemala
63%
Charles Bridge Czech Republic
61%
Hobbiton New Zealand
61%
Kaaba Saudi Arabia
61%
Maasai Mara Kenya
58%
Koh Phi Phi Thailand
58%
Los Glaciares National Park Argentina
56%
Hofburg Austria
56%
Victoria Falls Bridge Zimbabwe
56%
Manneken Pis Belgium
54%
Bran Castle Romania
53%
Moais Statues Chile
51%
Cliffs of Moher Ireland
51%
Suomenlinna Finland
49%
Phoenician Wall Lebanon
46%
Avenue of the Baobabs Madagascar
46%
Hasan II Mosque Morocco
46%
Source of the Nile at Jinja Uganda
46%
Belem Tower Portugal
44%
Halong Bay Vietnam
44%
Nyiragongo Volcano Democratic republic of the Congo
37%
Sultan Qaboos Grand Mosque Oman
36%
Gates of Hell Turkmenistan
36%
Faisal Mosque Pakistan
34%
Arch of Marcus Aurelius Libya
32%
Preikestolen Norway
32%
African Renaissance Monument Senegal
32%
Štrbské Pleso Slovakia
31%
Salto Ángel Venezuela
29%
Tower of the Juche North Korea
27%
Pamukkale Turkey
27%
Stari Most Bosnia and Herzegovina
25%
Arenal Volcano Costa Rica
25%
Merlion Park Singapore
25%
Borobudur Indonesia
24%
Bukchon Hanok Village South Korea
24%
Tiger's Nest Bhutan
22%
Blue Grotto Malta
20%
Omar Ali Saifuddien Mosque Brunei
19%
Babile Elephant Sanctuary Ethiopia
19%
Golestan Palace Iran
19%
Sossusvlei Namibia
19%
Casco Viejo Panama
19%
Souq Waqif Qatar
19%
Jellyfish Lake Palau
17%
Saint Sava Temple Serbia
17%
Maclear's Beacon South Africa
17%
Cape Coast Castle Ghana
15%
Bagan Myanmar
15%
Cerro Negro Nicaragua
15%
Pico Cão Grande Sao Tome and Principe
15%
Anse Source d'Argent Seychelles
15%
Garasu Mud Volcano Azerbaijan
14%
Tarkwa Bay Beach Nigeria
14%
Ennedi Plateau Chad
12%
Boiling Lake Dominica
12%
Bayterek Kazakhstan
12%
Burana Tower Kyrgyzstan
12%
Molinere Underwater Sculpture Park Grenada
10%
Tilicho Lake Nepal
10%
Cristo Rei East Timor
8%
Boab Prison Tree Botswana
5%
No matching quizzes found
Score Distribution
Percent of People with Each Score
Percentile by Number Answered
Your Score History
You have not taken this quiz